000 00699nam a2200241Ia 4500
003 OSt
005 20220926044816.0
006 a|||||r|||| 00| 0
007 ta
008 220923b |||||||| |||| 00| 0 eng d
037 _cGeneral Book
040 _aRTL
_cRTL
_beng
041 _2eng
_aeng
082 _aV73:19.20f44Q7.N3, K3
100 _aBrown W Norman
245 0 _aUnited States and India and Pakistan
250 _aRev Ed
260 _c1963
490 _aAmerican Foreign Policy Library. Ed by Crane Brinton. 1963
650 _aForeign Policy United States
_9240537
942 _hV73:19.20f44Q7.N3, K3
_cGB
_2CC
999 _c675867
_d675867